000 00604cam a22002411 4500
001 sa 64008913
003 DLC
005 20260227112057.0
008 940602s1962 ii 000 0 beno
010 _asa 64008913
025 _aPL480:EP-B-282
035 _a(OCoLC)30538654
040 _aDLC
_cCU
_dCU
_dDLC
042 _apremarc
050 0 0 _aPK1714
_b.D3
100 2 _aDāsa Ṭhākura, Mannarottama.
245 1 0 _aŚrīśrīkr̥shṇera ashṭottara śatanāma.
260 _c[1962?]
300 _a20 p.
_c13 cm.
500 _aIn Bengali.
500 _aPoems.
650 0 _aBengali poetry.
999 _c61111
_d61111